<?xml version="1.0" encoding="UTF-8"?>
<record
    xmlns:xsi="http://www.w3.org/2001/XMLSchema-instance"
    xsi:schemaLocation="http://www.loc.gov/MARC21/slim http://www.loc.gov/standards/marcxml/schema/MARC21slim.xsd"
    xmlns="http://www.loc.gov/MARC21/slim">

  <leader>00510nam a2200181 a 4500</leader>
  <controlfield tag="001">5849</controlfield>
  <controlfield tag="003">CDMR</controlfield>
  <controlfield tag="005">20131025133143.0</controlfield>
  <controlfield tag="008">130220s1991||||||||||||||||||||||||||||d</controlfield>
  <datafield tag="040" ind1=" " ind2=" ">
    <subfield code="a">CDMR</subfield>
    <subfield code="b">cat</subfield>
    <subfield code="c">CDMR</subfield>
  </datafield>
  <datafield tag="100" ind1="1" ind2=" ">
    <subfield code="a">Gonz&#xE1;lez Rad&#xED;o, Vicente</subfield>
    <subfield code="9">2872</subfield>
  </datafield>
  <datafield tag="245" ind1="1" ind2="0">
    <subfield code="a">Xulio Camba e Anxel Fole, xornalistas</subfield>
    <subfield code="c">Vicente Gonz&#xE1;lez Rad&#xED;o</subfield>
  </datafield>
  <datafield tag="260" ind1=" " ind2=" ">
    <subfield code="a">A Coru&#xF1;a</subfield>
    <subfield code="b">Coordenadas</subfield>
    <subfield code="c">1991</subfield>
  </datafield>
  <datafield tag="300" ind1=" " ind2=" ">
    <subfield code="a">139 p. ;</subfield>
    <subfield code="c">17 cm</subfield>
  </datafield>
  <datafield tag="490" ind1="0" ind2=" ">
    <subfield code="a">Ciencias Sociais.</subfield>
    <subfield code="a">Sociolox&#xED;a</subfield>
  </datafield>
  <datafield tag="490" ind1="0" ind2=" ">
    <subfield code="a">Monografias</subfield>
    <subfield code="v">13</subfield>
  </datafield>
  <datafield tag="942" ind1=" " ind2=" ">
    <subfield code="c">MON</subfield>
    <subfield code="2">udc</subfield>
  </datafield>
  <datafield tag="999" ind1=" " ind2=" ">
    <subfield code="c">5849</subfield>
    <subfield code="d">5849</subfield>
  </datafield>
  <datafield tag="952" ind1=" " ind2=" ">
    <subfield code="0">0</subfield>
    <subfield code="1">0</subfield>
    <subfield code="4">0</subfield>
    <subfield code="7">0</subfield>
    <subfield code="a">CDMR</subfield>
    <subfield code="b">CDMR</subfield>
    <subfield code="d">2013-02-20</subfield>
    <subfield code="l">0</subfield>
    <subfield code="o">Bk /11</subfield>
    <subfield code="p">CDMR13108289K</subfield>
    <subfield code="r">2013-02-20</subfield>
    <subfield code="w">2013-02-20</subfield>
    <subfield code="y">MON</subfield>
  </datafield>
</record>
